• 首页
  • 本馆介绍
  • 公告通知
  • 最新文献
  • 馆藏检索
  • 电子资源
  • 读者导购
  • 参考咨询
  • 我的图书馆
  • 登录
  • 详细信息显示
  • 放入我的书架
  • 预约/预借图书
  • 作者相关作品
  • 分类相关作品
  • 丛书相关作品
  • 出版社相关作品

书目信息

  • 表格格式
  • 工作单格式
  • 卡片格式
题名:
税法
    
 
作者: 徐伟 主编 ;中华会计网校 编
分册: Ⅱ   经典题解
出版信息: 北京   人民出版社  2020.06
页数: 328页
开本: 26cm
丛书名: 梦想成真系列辅导丛书
单 册:
中图分类: D922.2
科图分类:
主题词: 税法--shui fa--中国--资格考试--题解
电子资源:
ISBN: 978-7-01-021835-9
000 01218nam 2200325 450
001 CAL 0120203028284
005 20230301114942.99
010    @a978-7-01-021835-9@dCNY68.00
092    @aCN@bRt934-1798
100    @a20210417d2020 em y0chiy0120 ea
101 0  @achi
102    @aCN@b110000
105    @ak q 000yy
106    @ar
200 1  @a税法 @Ashui fa ( Ⅱ ) jing dian ti jie@f徐伟主编@g中华会计网校编@hⅡ@i经典题解
210    @a北京@c人民出版社@d2020.06
215    @a328页@d26cm
225 2  @a梦想成真系列辅导丛书@Ameng xiang cheng zhen xi lie fu dao cong shu
300    @a2020年度全国税务师职业资格考试 中华会计网校
314    @a徐伟, 优秀青年教师。
330    @a本书包括命题趋势预测及应试技巧、核心考点精析及习题训练、跨章节综合题演练、机考通关题库演练四大部分。其中, 第二部分核心考点精析及习题训练特别添加考情分析、核心考点及真题详解、本章综合练习等专栏。
410  0 @12001 @a梦想成真系列辅导丛书
606 0  @a税法@Ashui fa@y中国@x资格考试@j题解
690    @aD922.2@v5
701  0 @a徐伟@Axu wei@4主编
712 02 @a中华会计网校@Azhong hua kuai ji wang xiao@4编
801  0 @aCN@bBJXHZP@c20230222
901    @a人民出版社
905    @b1394152-5@dD922.2@e2261:2@f4@S@Z
997    @a期货
    
    税法 /徐伟主编/中华会计网校编.Ⅱ.经典题解.-北京:人民出版社,2020.06
    328页;26cm.-(梦想成真系列辅导丛书)
    2020年度全国税务师职业资格考试 中华会计网校
    
    ISBN 978-7-01-021835-9:CNY68.00
    本书包括命题趋势预测及应试技巧、核心考点精析及习题训练、跨章节综合题演练、机考通关题库演练四大部分。其中, 第二部分核心考点精析及习题训练特别添加考情分析、核心考点及真题详解、本章综合练习等专栏。
●
相关链接 在E读中查询图书 在五车中查询图书 在当当中查询图书 在豆瓣中查询图书


正题名:税法     索取号:D922.2/2261:2         预约/预借

序号 登录号 条形码 馆藏地/架位号 状态 备注
1 1394152   213941528   第一样本阅览室/ [索取号:D922.2/2261:2] 在馆    
2 1394153   213941537   第一借阅区/ [索取号:D922.2/2261:2] 在馆    
3 1394154   213941546   第一借阅区/ [索取号:D922.2/2261:2] 在馆    
4 1394155   213941555   第一借阅区/ [索取号:D922.2/2261:2] 在馆    
唐山师范学院图书馆 欢迎您!
大连网信软件有限公司© 版权所有